000 00565nam a2200193 a 4500
001 1768888605060
003 YourLibrary
005 20260120141445.0
008 260120s1992##################000#0#eng##
020 _a9780820418414
082 0 4 _a303.4825
_bSAN
100 1 _aJuan, Epifanio San,
_eauthor.
245 1 0 _aReading the West/writing the East :
260 _bPeter Lang Incorporated, International Academic Publishers,
_c1992.
300 _a286 pages
650 0 _aForeign Language Study.
942 _cENGLISH
040 _aYourLibrary
_beng
_cYourLibrary
999 _c608620
_d608620